Countries of Africa (ABC) - Statistics

General Stats
  • This quiz has been taken 61 times
    42 since last reset
  • The average score is 11 of 13
Answer Stats
Answer % Correct
Algeria
97%
Benin
91%
Angola
89%
Botswana
86%
Burkina Faso
86%
Cameroon
86%
Burundi
83%
Chad
83%
Comoros
80%
Congo
80%
Cape Verde
74%
Central African Republic
66%
Cote D'Ivoire
51%
No matching quizzes found
Score Distribution
Percent of People with Each Score
Percentile by Number Answered
Your Score History
You have not taken this quiz since the last reset